[Event "Russian Championship B13 1st league 2016"]
[Site "Loo"]
[Date "2016.04.22"]
[Round "3.20"]
[White "Bashev, Fyodor"]
[Black "Zotkaev, Basang"]
[Result "1-0"]
[WhiteElo "1658"]
[BlackElo "1386"]
[PlyCount "61"]
[EventDate "2016.04.20"]

1. e4 e5 2. Nf3 Nf6 3. Nxe5 d6 4. Nf3 Nxe4 5. d3 Nf6 6. Nc3 Be7 7. Be2 O-O 8.
O-O Re8 9. Bg5 Nbd7 10. d4 h6 11. Bh4 d5 12. Bg3 c6 13. h3 Nf8 14. Bd3 Bd6 15.
Bxd6 Qxd6 16. Re1 Be6 17. Qd2 Re7 18. Ne5 Qb4 19. Rab1 Qxd4 20. Bh7+ N8xh7 21.
Qxd4 Ng5 22. f3 Bxh3 23. f4 Nfe4 24. fxg5 Nxg5 25. Rf1 Be6 26. Nf3 Nh7 27. Rbe1
Nf6 28. Qb4 Rae8 29. Qc5 a6 30. Nd4 b6 31. Qxb6 1-0

[Event "Russian Championship B13 1st league 2016"]
[Site "Loo"]
[Date "2016.04.22"]
[Round "3.21"]
[White "Dyatlov, Oleg"]
[Black "Boktaev, Adyan"]
[Result "1/2-1/2"]
[WhiteElo "1469"]
[BlackElo "1657"]
[PlyCount "65"]
[EventDate "2016.04.20"]

1. c4 e5 2. Nc3 c6 3. g3 d5 4. cxd5 cxd5 5. d3 Bb4 6. Bd2 Nf6 7. Bg2 O-O 8. a3
Ba5 9. Nf3 Nc6 10. O-O h6 11. Ne1 Bb6 12. Na4 Bc7 13. Rc1 Re8 14. Nc2 Bf5 15.
Ne3 Bh7 16. Nc5 Rb8 17. Nxb7 Rxb7 18. Rxc6 Rxb2 19. Qc1 Rb7 20. Nxd5 Nxd5 21.
Bxd5 Qxd5 22. Rxc7 Rxc7 23. Qxc7 Bf5 24. e4 Qxd3 25. exf5 Qxd2 26. Qxa7 e4 27.
Qe3 Qd5 28. Qf4 Qd3 29. Qe3 Qd5 30. Qf4 Qd3 31. Qe3 Qd5 32. Qf4 Qd3 33. Qe3
1/2-1/2

[Event "Russian Championship B13 1st league 2016"]
[Site "Loo"]
[Date "2016.04.22"]
[Round "3.22"]
[White "Zaspanov, Konstantin"]
[Black "Stepochkin, Fedor"]
[Result "0-1"]
[WhiteElo "1527"]
[BlackElo "1649"]
[PlyCount "56"]
[EventDate "2016.04.20"]

1. e4 e6 2. d4 d5 3. exd5 exd5 4. Nf3 Bd6 5. c4 c6 6. c5 Bc7 7. Bd3 Ne7 8. O-O
O-O 9. h3 Bf5 10. Bg5 f6 11. Be3 Be4 12. Bxe4 dxe4 13. Nfd2 f5 14. Bg5 h6 15.
Bxe7 Qxe7 16. Nc4 Nd7 17. Nc3 Rad8 18. Qb3 Kh8 19. Qc2 Qh4 20. b4 Rf6 21. d5
Rg6 22. d6 Qxh3 23. Ne3 Ne5 24. Rfd1 Bb8 25. Ne2 Nf3+ 26. Kf1 Qh1+ 27. Ng1 Nxg1
28. g3 Nh3+ 0-1

[Event "Russian Championship B13 1st league 2016"]
[Site "Loo"]
[Date "2016.04.22"]
[Round "3.23"]
[White "Frolov, Artem"]
[Black "Zhuravlev, Ignat"]
[Result "1/2-1/2"]
[WhiteElo "1359"]
[BlackElo "1645"]
[PlyCount "122"]
[EventDate "2016.04.20"]

1. e4 e5 2. d4 exd4 3. Qxd4 d6 4. Nc3 Nc6 5. Qe3 Nf6 6. Bd2 Be7 7. O-O-O O-O 8.
f3 a6 9. g4 Ne5 10. g5 Nfd7 11. f4 Nc6 12. h4 f6 13. Bc4+ Kh8 14. Qg3 b5 15.
Bd5 Bb7 16. f5 Nb6 17. g6 Nxd5 18. Nxd5 Ne5 19. Bf4 Bxd5 20. Rxd5 Qe8 21. h5 c6
22. Rd2 h6 23. Bxh6 gxh6 24. g7+ Kh7 25. gxf8=Q Qxf8 26. Ne2 Qf7 27. Kb1 Rg8
28. Qf2 c5 29. Rg1 Rxg1+ 30. Nxg1 Qxh5 31. Ne2 Qh1+ 32. Nc1 Qxe4 33. Rd1 d5 34.
Re1 Qg4 35. a3 Bd6 36. Rg1 Qh5 37. Qd2 Nf3 38. Qe2 Qxf5 39. Rg2 Ne5 40. Qd2 d4
41. Qa5 Qf1 42. Rh2 Nc4 43. Qd8 Bf4 44. Qd7+ Kg6 45. Qg4+ Bg5 46. Qe4+ f5 47.
Qe8+ Kg7 48. Qd7+ Kf6 49. Qd8+ Ke5 50. Re2+ Kf4 51. Qc7+ Kg4 52. Ka2 Qf4 53.
Qc6 Qf3 54. Rg2+ Kf4 55. Ne2+ Ke3 56. Rg3 Ne5 57. Rxf3+ Kxe2 58. Qe8 Kxf3 59.
Qxe5 f4 60. Qd5+ Ke2 61. Qe4+ Kf2 1/2-1/2

[Event "Russian Championship B13 1st league 2016"]
[Site "Loo"]
[Date "2016.04.22"]
[Round "3.25"]
[White "Shalimo, Eugene"]
[Black "Darmogray, Makar"]
[Result "1-0"]
[WhiteElo "1445"]
[BlackElo "1634"]
[PlyCount "115"]
[EventDate "2016.04.20"]

1. d4 Nf6 2. c4 e6 3. Nc3 d5 4. Bg5 Be7 5. e3 O-O 6. Nf3 c6 7. Bd3 Nbd7 8. O-O
dxc4 9. Bxc4 b5 10. Bd3 a6 11. Qc2 h6 12. Bh4 c5 13. dxc5 Nxc5 14. Be2 Bb7 15.
Bxf6 Bxf6 16. Nxb5 axb5 17. Qxc5 Bxb2 18. Rad1 Qf6 19. Qxb5 Ba6 20. Qxa6 Rxa6
21. Bxa6 g5 22. Bc4 Rd8 23. Bb3 Bc3 24. Rxd8+ Qxd8 25. Rd1 Qf6 26. h3 Kg7 27.
Bc4 Qe7 28. Bb5 Qb4 29. a4 Bf6 30. Nd4 Bxd4 31. Rxd4 Qe1+ 32. Bf1 Qa5 33. Bb5
Qe1+ 34. Bf1 Qa5 35. Bb5 Qe1+ 36. Bf1 Qa1 37. g3 Qb1 38. a5 f5 39. a6 Kf6 40.
a7 Qa1 41. Rd7 Qa4 42. Bb5 Qxb5 43. Rd8 Qb1+ 44. Kh2 Qf1 45. a8=Q Qxf2+ 46. Qg2
Qxe3 47. Qb2+ Kg6 48. Rg8+ Kh5 49. Qc2 Qf3 50. Qg2 Qe3 51. Qc2 Qf3 52. Re8 Qe3
53. Qd1+ Kg6 54. Qc2 Kh5 55. Qa2 f4 56. g4+ Kh4 57. Qg2 Qe5 58. Qf2# 1-0

[Event "Russian Championship B13 1st league 2016"]
[Site "Loo"]
[Date "2016.04.22"]
[Round "3.26"]
[White "Polyakov, Anton"]
[Black "Kuzakov, Dmitriy"]
[Result "1-0"]
[WhiteElo "1799"]
[BlackElo "1553"]
[PlyCount "123"]
[EventDate "2016.04.20"]

1. e4 c5 2. d4 cxd4 3. c3 d3 4. Bxd3 Nc6 5. Nf3 d6 6. h3 Nf6 7. O-O e6 8. Qe2
Be7 9. Rd1 O-O 10. e5 Ne8 11. exd6 Nxd6 12. Bf4 Qa5 13. Bxd6 Bxd6 14. Bxh7+
Kxh7 15. Rxd6 Kg8 16. Na3 Ne7 17. Qe5 Qxe5 18. Nxe5 Nf5 19. Rd2 b6 20. Rad1 Ne7
21. c4 f6 22. Ng4 e5 23. Ne3 Nc6 24. b3 Nd4 25. Nac2 Ne6 26. Nf5 Kf7 27. Nd6+
Kg8 28. Nxc8 Rfxc8 29. Rd6 Nc5 30. f3 Nb7 31. R6d2 Nc5 32. Ne3 Ne6 33. Nf5 Kf8
34. Rd7 Rd8 35. Rxd8+ Rxd8 36. Rxd8+ Nxd8 37. Kf2 Nc6 38. a3 Kf7 39. b4 g6 40.
Ne3 Ke6 41. Ke2 Nd4+ 42. Kd3 f5 43. Nd5 Kd6 44. f4 Ne6 45. fxe5+ Kxe5 46. g3
Kd6 47. h4 Kd7 48. Nf4 Nf8 49. Kd4 Kd6 50. b5 Nh7 51. Nxg6 Nf6 52. Nf4 Ne4 53.
h5 Nf6 54. h6 Nh7 55. Ng6 Ng5 56. Ne5 Nh7 57. Nf3 Kd7 58. Ke5 Ke7 59. Kxf5 Kf7
60. Ne5+ Ke7 61. g4 Nf8 62. g5 1-0

[Event "Russian Championship B13 1st league 2016"]
[Site "Loo"]
[Date "2016.04.22"]
[Round "3.27"]
[White "Filatov, Georgy"]
[Black "Amirov, Ramil"]
[Result "1/2-1/2"]
[WhiteElo "1545"]
[BlackElo "1773"]
[PlyCount "107"]
[EventDate "2016.04.20"]

1. e4 e6 2. d4 d5 3. exd5 exd5 4. c4 Nf6 5. Nc3 Bb4 6. c5 Ne4 7. Bd2 Nc6 8. Bb5
Bxc3 9. Bxc3 O-O 10. Ne2 Qg5 11. O-O Bg4 12. Qc1 Qg6 13. Nf4 Qg5 14. Bxc6 bxc6
15. Ba5 Bd7 16. Bxc7 Rac8 17. Ba5 f5 18. f3 Rce8 19. fxe4 fxe4 20. Bd2 Bg4 21.
Kh1 Qh4 22. Qe1 Qh6 23. Qe3 Rf5 24. h3 Ref8 25. Kg1 Bf3 26. gxf3 Rxf4 27. Qf2
Qg6+ 28. Qg2 Qxg2+ 29. Kxg2 exf3+ 30. Kg3 Rxd4 31. Bc3 Rc4 32. Rxf3 Rxf3+ 33.
Kxf3 d4 34. Ba5 Rxc5 35. b4 Rh5 36. Kg4 Re5 37. Rd1 c5 38. Kf4 Rh5 39. Bd8 cxb4
40. Rxd4 Rxh3 41. Rxb4 Ra3 42. Rb2 h6 43. Ke4 Kf7 44. Kd4 Ke8 45. Bc7 Kd7 46.
Be5 g5 47. Kc4 Ra6 48. Bd4 Kc6 49. Kb4 Kd5 50. Kb5 Ra3 51. Bc5 a6+ 52. Kb6 Ra4
53. a3 h5 54. Bb4 1/2-1/2

[Event "Russian Championship B13 1st league 2016"]
[Site "Loo"]
[Date "2016.04.22"]
[Round "3.28"]
[White "Kulagin, Timofey"]
[Black "Zhukov, Anton"]
[Result "0-1"]
[WhiteElo "1531"]
[BlackElo "1767"]
[PlyCount "108"]
[EventDate "2016.04.20"]

1. e4 e6 2. d4 d5 3. e5 c5 4. Qg4 Qa5+ 5. Bd2 Qb6 6. b3 cxd4 7. Bd3 Nc6 8. Nf3
Nge7 9. Na3 Ng6 10. Bxg6 hxg6 11. Nb1 Qc7 12. Qg3 Nb4 13. Na3 Nxc2+ 14. Nxc2
Qxc2 15. O-O Be7 16. Rfd1 Qf5 17. Nxd4 Qh5 18. Nb5 O-O 19. Nd6 f6 20. Nxc8
Raxc8 21. Re1 fxe5 22. Qxe5 Qxe5 23. Rxe5 Bf6 24. Ree1 Bxa1 25. Rxa1 Rc2 26.
Be3 b6 27. a3 Rfc8 28. g3 e5 29. Rd1 d4 30. Bg5 R2c7 31. f4 Rc1 32. Rf1 e4 33.
f5 Rxf1+ 34. Kxf1 gxf5 35. Ke2 e3 36. b4 Kf7 37. Bf4 Ke6 38. a4 Kd5 39. Kf3 Rc2
40. g4 Rf2+ 41. Kg3 Rxf4 42. Kxf4 e2 43. Kg5 e1=Q 44. a5 Qe7+ 45. Kf4 Qe5+ 46.
Kf3 Qe4+ 47. Kf2 Qe3+ 48. Kg2 f4 49. axb6 f3+ 50. Kg3 f2+ 51. Kh4 axb6 52. b5
g6 53. g5 Qf4+ 54. Kh3 f1=B# 0-1

[Event "Russian Championship B13 1st league 2016"]
[Site "Loo"]
[Date "2016.04.22"]
[Round "3.29"]
[White "Buyukli, Egor"]
[Black "Sobashnikov, Ivan"]
[Result "1/2-1/2"]
[WhiteElo "1754"]
[BlackElo "1525"]
[PlyCount "114"]
[EventDate "2016.04.20"]

1. d4 Nf6 2. Nf3 d5 3. c4 e6 4. Nc3 c6 5. Bg5 Be7 6. e3 O-O 7. Bd3 Nbd7 8. O-O
h6 9. Bf4 dxc4 10. Bxc4 Nd5 11. Bg3 N7f6 12. Bd3 c5 13. Rc1 cxd4 14. Nxd4 Bd7
15. Ndb5 a6 16. Nxd5 Nxd5 17. Nc7 Nxc7 18. Bxc7 Qe8 19. Qf3 Bb5 20. Rfd1 Bxd3
21. Rxd3 b5 22. Qb7 Qc8 23. Qc6 Bf6 24. b3 b4 25. f4 Ra7 26. Bb6 Ra8 27. Rd7
Qxc6 28. Rxc6 Rac8 29. Rcc7 Rxc7 30. Rxc7 Rd8 31. Rc4 Rd1+ 32. Kf2 Rd2+ 33. Kf3
Be7 34. Ba5 Rxa2 35. Bxb4 Bxb4 36. Rxb4 Rb2 37. Rb8+ Kh7 38. h4 g6 39. e4 a5
40. Rb5 Ra2 41. g3 a4 42. bxa4 Ra3+ 43. Kg4 h5+ 44. Kh3 Rxa4 45. e5 Kg7 46. Rb3
Re4 47. Kg2 Re2+ 48. Kf3 Re1 49. Re3 Rf1+ 50. Ke4 Rd1 51. Rd3 Rxd3 52. Kxd3 Kf8
53. Kd4 Ke7 54. Kc5 Kd7 55. Kd4 Kc6 56. Kc4 Kb6 57. Kd4 Kc6 1/2-1/2

[Event "Russian Championship B13 1st league 2016"]
[Site "Loo"]
[Date "2016.04.22"]
[Round "3.30"]
[White "Tsukhaev, Musa"]
[Black "Levkin, Lev"]
[Result "1-0"]
[WhiteElo "1518"]
[BlackElo "1753"]
[PlyCount "97"]
[EventDate "2016.04.20"]

1. e4 c5 2. Nf3 Nc6 3. d4 cxd4 4. Nxd4 e5 5. Nb5 d6 6. N1c3 a6 7. Na3 b5 8. Nd5
Nf6 9. Bg5 Be7 10. Bxf6 Bxf6 11. Be2 Bg5 12. O-O O-O 13. c3 g6 14. Nc2 Kh8 15.
Ncb4 Nxb4 16. Nxb4 Bb7 17. Qd3 Qd7 18. h3 f5 19. Bf3 Rad8 20. exf5 gxf5 21.
Bxb7 Qxb7 22. Qd5 Qxd5 23. Nxd5 Rc8 24. a4 Rc5 25. Rfd1 bxa4 26. Rxa4 a5 27.
Nb6 Rd8 28. Rda1 Rc6 29. Nc4 Ra8 30. Rxa5 Rxa5 31. Nxa5 Ra6 32. b4 Bd2 33. b5
Ra8 34. b6 Bxc3 35. b7 Rg8 36. Rc1 Bd4 37. Rc8 Ba7 38. Rxg8+ Kxg8 39. Nc6 Kf7
40. Nxa7 Ke6 41. b8=Q Kd5 42. Qb7+ Kc4 43. Qc6+ Kb3 44. Kf1 Ka2 45. Qb6 Ka1 46.
Ke1 Ka2 47. Kd2 Ka3 48. Kc3 Ka4 49. Qb4# 1-0

[Event "Russian Championship B13 1st league 2016"]
[Site "Loo"]
[Date "2016.04.22"]
[Round "3.31"]
[White "Peregudov, Denis"]
[Black "Zhanazarov, Iskander"]
[Result "1-0"]
[WhiteElo "1517"]
[BlackElo "1746"]
[PlyCount "143"]
[EventDate "2016.04.20"]

1. d4 d5 2. c4 c6 3. Nc3 Nf6 4. e3 a6 5. Nf3 b5 6. cxb5 axb5 7. a3 b4 8. Nb1
Bg4 9. a4 e6 10. Nbd2 Bd6 11. Bd3 Nbd7 12. b3 O-O 13. O-O e5 14. Be2 Ne4 15.
Nxe4 dxe4 16. Nxe5 Bxe2 17. Qxe2 Nxe5 18. dxe5 Bxe5 19. Bb2 Qf6 20. Bxe5 Qxe5
21. Qc4 c5 22. Rfc1 Ra5 23. Rd1 h6 24. Ra2 Rb8 25. Rc2 Rc8 26. Rcd2 Raa8 27.
Rd7 Qe6 28. R7d5 Ra5 29. h3 Kh7 30. Rc1 Rc6 31. Rcd1 Qg6 32. Rd7 f5 33. Rd8 Qe6
34. Qxe6 Rxe6 35. R8d5 Kg6 36. Rc1 Rc6 37. Rc4 Kf6 38. Kf1 Ke6 39. Rd2 Rd6 40.
Rxd6+ Kxd6 41. Rc2 Kc6 42. Ke2 Ra7 43. Rd2 Re7 44. f3 g5 45. g3 exf3+ 46. Kxf3
c4 47. bxc4 Kc5 48. Ke2 Kxc4 49. Rd4+ Kc5 50. Kd3 Ra7 51. Rc4+ Kd5 52. Rxb4 Ke5
53. Rb5+ Kf6 54. a5 h5 55. Rb6+ Ke5 56. a6 Rd7+ 57. Ke2 Ra7 58. Kf3 g4+ 59.
hxg4 hxg4+ 60. Ke2 Ke4 61. Rb4+ Ke5 62. Ra4 Kd5 63. Kd3 Ke5 64. Kc4 Ke4 65.
Kb5+ Kxe3 66. Kb6 Ra8 67. Kb7 Rf8 68. a7 Kf3 69. Ra3+ Ke4 70. a8=Q Rxa8 71.
Kxa8 Ke5 72. Ra4 1-0

[Event "Russian Championship B13 1st league 2016"]
[Site "Loo"]
[Date "2016.04.22"]
[Round "3.32"]
[White "Voropaev, Fedor"]
[Black "Burdin, Shahrom"]
[Result "1/2-1/2"]
[WhiteElo "1740"]
[BlackElo "1514"]
[PlyCount "76"]
[EventDate "2016.04.20"]

1. d4 d5 2. c4 dxc4 3. e4 e5 4. d5 c6 5. Bxc4 Nf6 6. Nc3 Bb4 7. Bg5 O-O 8. Nge2
Bg4 9. Qb3 Bxe2 10. Bxe2 Qa5 11. Bxf6 gxf6 12. Rc1 Qb6 13. a3 Bc5 14. Qxb6 axb6
15. Bg4 Rd8 16. Rd1 Bd4 17. dxc6 bxc6 18. Ne2 c5 19. Nxd4 cxd4 20. Rc1 Nd7 21.
Bxd7 Rxd7 22. Rc6 b5 23. Rxf6 b4 24. Ke2 bxa3 25. bxa3 Rxa3 26. Rd1 Ra2+ 27.
Rd2 Rxd2+ 28. Kxd2 Kg7 29. Rf5 f6 30. f4 Re7 31. fxe5 fxe5 32. Kd3 Kg6 33. Ke2
Kg7 34. Kd3 Kg6 35. Ke2 Kg7 36. Kd3 Kg6 37. Ke2 Kg7 38. Kd3 Kg6 1/2-1/2

[Event "Russian Championship B13 1st league 2016"]
[Site "Loo"]
[Date "2016.04.22"]
[Round "3.33"]
[White "Efremov, Yaroslav"]
[Black "Arbuzov, Timofey"]
[Result "0-1"]
[WhiteElo "1501"]
[BlackElo "1739"]
[PlyCount "64"]
[EventDate "2016.04.20"]

1. e4 d6 2. d4 Nf6 3. Nc3 Nbd7 4. g3 e5 5. Nf3 Be7 6. Bg2 O-O 7. O-O c6 8. Ne1
Qc7 9. f4 exd4 10. Qxd4 d5 11. Kh1 Bc5 12. Qd1 dxe4 13. Nxe4 Re8 14. Nxc5 Nxc5
15. f5 Qb6 16. b3 Nce4 17. Nd3 Nc3 18. Qd2 Nfe4 19. Bxe4 Nxe4 20. Qf4 c5 21.
Bb2 Qc6 22. Qf3 Bxf5 23. Ne5 Rxe5 24. Bxe5 Re8 25. Rae1 Rxe5 26. Kg1 c4 27. Qf4
Qc5+ 28. Kh1 Nf2+ 29. Rxf2 Rxe1+ 30. Rf1 Be4+ 31. Qxe4 Rxe4 32. bxc4 Rxc4 0-1

[Event "Russian Championship B13 1st league 2016"]
[Site "Loo"]
[Date "2016.04.22"]
[Round "3.34"]
[White "Ivanov, Ilya"]
[Black "Yastrebov, Nikita"]
[Result "0-1"]
[WhiteElo "1498"]
[BlackElo "1725"]
[PlyCount "78"]
[EventDate "2016.04.20"]

1. d4 Nf6 2. c4 g6 3. Nc3 Bg7 4. e4 d6 5. f4 O-O 6. Nf3 c5 7. d5 e6 8. Bd3 exd5
9. cxd5 Re8 10. O-O a6 11. a4 c4 12. Bc2 Bg4 13. h3 Bxf3 14. Qxf3 Nbd7 15. Be3
Rc8 16. Rae1 Qc7 17. Qf2 Qb8 18. a5 Nc5 19. Bd4 Nfd7 20. Bxg7 Kxg7 21. Qd4+ Kg8
22. Na4 Qc7 23. Qxc4 Qxa5 24. Qd4 Nxa4 25. Bxa4 b5 26. Bd1 Rc4 27. Qd3 Nc5 28.
Qf3 Rcxe4 29. Rxe4 Nxe4 30. Qe3 Qd2 31. Qa3 Qxd5 32. Qxa6 Ng3 33. Bf3 Qc5+ 34.
Kh2 Nxf1+ 35. Kh1 Qf2 36. Qc6 Ng3+ 37. Kh2 Re1 38. Qc8+ Kg7 39. Qc3+ Kh6 0-1

[Event "Russian Championship B13 1st league 2016"]
[Site "Loo"]
[Date "2016.04.22"]
[Round "3.35"]
[White "Usubov, Bogdan"]
[Black "Ismailov, Amir"]
[Result "0-1"]
[WhiteElo "1493"]
[BlackElo "1714"]
[PlyCount "72"]
[EventDate "2016.04.20"]

1. e4 c5 2. Nc3 d6 3. g3 Nf6 4. Bg2 Nc6 5. f4 Qc7 6. Nf3 Nd4 7. Nxd4 cxd4 8.
Ne2 e5 9. f5 b6 10. O-O Bb7 11. d3 Rc8 12. c4 dxc3 13. Nxc3 h5 14. Bg5 Ng4 15.
h3 Qc5+ 16. Kh1 Nf2+ 17. Rxf2 Qxf2 18. Nb5 Qxb2 19. Nxa7 Rc2 20. h4 Rxg2 21.
Qa4+ b5 22. Qxb5+ Qxb5 23. Nxb5 Rxg3 24. Rb1 f6 25. Bxf6 Bxe4+ 26. dxe4 gxf6
27. Nc7+ Kf7 28. Ne6 Be7 29. Ra1 Rh3+ 30. Kg2 Rxh4 31. a4 Rg8+ 32. Kf3 Rh3+ 33.
Kf2 Rgg3 34. Ke2 Rb3 35. Kf2 Rb2+ 36. Kg1 h4 0-1

[Event "Russian Championship B13 1st league 2016"]
[Site "Loo"]
[Date "2016.04.22"]
[Round "3.36"]
[White "Novikov, Roman"]
[Black "Bochkarev, Maxim"]
[Result "1-0"]
[WhiteElo "1711"]
[BlackElo "1473"]
[PlyCount "93"]
[EventDate "2016.04.20"]

1. d4 d5 2. c4 e6 3. Nc3 Nf6 4. Bg5 Be7 5. Nf3 Nc6 6. e3 Bd7 7. Be2 a6 8. Bxf6
Bxf6 9. cxd5 exd5 10. Nxd5 Bf5 11. Nxf6+ Qxf6 12. O-O O-O 13. Qd2 Rad8 14. Rad1
Rd7 15. b4 b5 16. Qc3 Qd6 17. Qc5 Nxb4 18. Qxf5 f6 19. a3 Nd5 20. Qd3 Nb6 21.
Rc1 Re8 22. Qb3+ Kh8 23. Nd2 Rde7 24. Bf3 Qd8 25. h3 Re6 26. Rc6 Rxc6 27. Bxc6
Re7 28. Rc1 Qd6 29. Qb4 Qe6 30. Rc2 Nc4 31. Rxc4 bxc4 32. Qb8+ Qg8 33. Qxg8+
Kxg8 34. Nxc4 Kf8 35. Kf1 Re6 36. Bd5 Re8 37. Ke2 Rb8 38. Kd2 Ke7 39. Kc2 Kd7
40. Be4 g6 41. Kc3 f5 42. Bd3 Ke6 43. Na5 Rb6 44. Nb3 Kd6 45. f3 Ke7 46. Nc5
Rc6 47. Bxa6 1-0

[Event "Russian Championship B13 1st league 2016"]
[Site "Loo"]
[Date "2016.04.22"]
[Round "3.37"]
[White "Melnikov, Vyacheslav"]
[Black "Zhuravlev, Aleksandr"]
[Result "1/2-1/2"]
[WhiteElo "1491"]
[BlackElo "1695"]
[PlyCount "80"]
[EventDate "2016.04.20"]

1. Nf3 Nf6 2. g3 d5 3. d4 Bf5 4. Bg2 e6 5. O-O Bd6 6. Nbd2 O-O 7. c4 c6 8. b3
Nbd7 9. Bb2 h6 10. Re1 Rc8 11. Nh4 Bh7 12. e4 Nxe4 13. Nxe4 Bxe4 14. Bxe4 dxe4
15. Rxe4 Nf6 16. Re1 Bb8 17. Nf3 a6 18. Qd2 Rc7 19. Rad1 Rd7 20. Qe2 Qa5 21. a3
Rfd8 22. Ne5 Bxe5 23. dxe5 Ne8 24. Rxd7 Rxd7 25. Rd1 Qd8 26. Rxd7 Qxd7 27. Qe3
Kh7 28. Qd4 Qxd4 29. Bxd4 f5 30. f4 Kg8 31. Kf2 Kf7 32. Bc5 Nc7 33. Bd6 Ne8 34.
c5 g5 35. Ke3 gxf4+ 36. Kxf4 Kg6 37. h3 Ng7 38. g4 fxg4 39. hxg4 h5 40. gxh5+
Kxh5 1/2-1/2

[Event "Russian Championship B13 1st league 2016"]
[Site "Loo"]
[Date "2016.04.22"]
[Round "3.38"]
[White "Shchetkin, Kirill"]
[Black "Koptev, Ruslan"]
[Result "0-1"]
[WhiteElo "1465"]
[BlackElo "1691"]
[PlyCount "116"]
[EventDate "2016.04.20"]

1. e4 c5 2. Nf3 a6 3. d4 cxd4 4. Nxd4 Nf6 5. Nc3 e5 6. Nf3 Bb4 7. Bd3 d5 8.
exd5 e4 9. Qe2 Bxc3+ 10. bxc3 Qxd5 11. Bc4 Qa5 12. Bd2 O-O 13. Nd4 Bg4 14. Qe3
Nbd7 15. O-O Ne5 16. Be2 Bxe2 17. Qxe2 Rfe8 18. Rfb1 Qc7 19. h3 h6 20. Rb3 Nfd7
21. Rab1 Nc5 22. R3b2 b5 23. Re1 Nc4 24. Rbb1 e3 25. Bxe3 Nxe3 26. fxe3 Ne4 27.
Qd3 Qxc3 28. Qxc3 Nxc3 29. Rb3 Rac8 30. Ra3 Na4 31. Kf2 Rc3 32. Rb3 Rc4 33. Ra3
Kf8 34. Kf3 Rxd4 35. Rb1 Rd2 36. c4 Rb2 37. Rd1 Nc5 38. cxb5 axb5 39. Ra7 Ne4
40. g3 f5 41. Rf1 Nd2+ 42. Ke2 Nxf1+ 43. Kxf1 Rxe3 44. Rd7 Ree2 45. Rd1 Rxa2
46. g4 Rh2 47. Kg1 Rag2+ 48. Kf1 Rh1+ 49. Kxg2 Rxd1 50. gxf5 b4 51. Kf2 b3 52.
Ke2 Rd8 53. h4 b2 54. h5 b1=Q 55. f6 Qe4+ 56. Kf2 Rd2+ 57. Kg3 Rg2+ 58. Kh3
Qg4# 0-1

[Event "Russian Championship B13 1st league 2016"]
[Site "Loo"]
[Date "2016.04.22"]
[Round "3.39"]
[White "Goryachev, Ivan"]
[Black "Mikiev, Klim"]
[Result "1-0"]
[WhiteElo "1670"]
[BlackElo "1466"]
[PlyCount "95"]
[EventDate "2016.04.20"]

1. e4 c5 2. Nf3 d6 3. d4 cxd4 4. Nxd4 Nf6 5. Nc3 a6 6. Be3 e6 7. Be2 Be7 8. Qd2
O-O 9. O-O-O Qc7 10. f4 Nc6 11. Rhg1 b5 12. g4 b4 13. Nb1 Bd7 14. g5 Nxe4 15.
Qd3 Nc5 16. Qd2 Rfc8 17. b3 a5 18. Nb5 Qb6 19. Bxc5 Qxc5 20. Nxd6 Bxd6 21. Qxd6
Qe3+ 22. Qd2 Nd4 23. Bc4 Rxc4 24. bxc4 Ne2+ 25. Kb2 Qxd2 26. Rxd2 Nxg1 27. Rxd7
Nh3 28. c5 Kf8 29. Rd4 Rc8 30. Rc4 Ng1 31. Nd2 Ne2 32. Nb3 a4 33. Nd2 a3+ 34.
Kb3 Nc1+ 35. Kxb4 Ra8 36. Nb3 Nxa2+ 37. Kb5 Rb8+ 38. Ka5 Ke7 39. c6 Kd6 40. c7
Rc8 41. Kb6 Nb4 42. Rxb4 Ra8 43. Kb7 Re8 44. Rd4+ Ke7 45. c8=Q Rxc8 46. Kxc8 f6
47. gxf6+ gxf6 48. c4 1-0

[Event "Russian Championship B13 1st league 2016"]
[Site "Loo"]
[Date "2016.04.22"]
[Round "3.40"]
[White "Shakirov, Marat"]
[Black "Mkrtchyan, Mikhail"]
[Result "1-0"]
[WhiteElo "1648"]
[BlackElo "1452"]
[PlyCount "55"]
[EventDate "2016.04.20"]

1. d4 d5 2. c4 e6 3. Nc3 Nf6 4. Bg5 Be7 5. e3 h6 6. Bh4 Nbd7 7. Nf3 b6 8. Qc2
c5 9. cxd5 exd5 10. Bb5 O-O 11. Bc6 Ba6 12. Bxa8 Qxa8 13. Ne5 Qb7 14. Qf5 Nxe5
15. dxe5 Nh7 16. Bxe7 Qxe7 17. O-O-O Qe6 18. Nxd5 Qxf5 19. Ne7+ Kh8 20. Nxf5
Ng5 21. f3 Bb7 22. Nd6 Bc6 23. Rd2 f6 24. h4 Ne6 25. exf6 Rxf6 26. Rhd1 Rg6 27.
Nf7+ Kg8 28. Ne5 1-0

[Event "Russian Championship B13 1st league 2016"]
[Site "Loo"]
[Date "2016.04.22"]
[Round "3.41"]
[White "Aslanyan, Razmik"]
[Black "Abdulaev, Almaz"]
[Result "1-0"]
[WhiteElo "1630"]
[BlackElo "1451"]
[PlyCount "57"]
[EventDate "2016.04.20"]

1. d4 Nf6 2. Nf3 e6 3. e3 c5 4. c3 d5 5. Bd3 Be7 6. Nbd2 O-O 7. O-O Nc6 8. dxc5
Bxc5 9. e4 Qc7 10. Qe2 Bb6 11. h3 Nh5 12. Nb3 Ng3 13. Qc2 Nxf1 14. Kxf1 h6 15.
exd5 exd5 16. a4 a5 17. Bd2 Ne5 18. Bf4 f6 19. Re1 Qf7 20. Bxe5 fxe5 21. Rxe5
Bxh3 22. Nbd2 Bg4 23. Rxd5 Bxf3 24. gxf3 Rac8 25. Rd6 Bc5 26. Bc4 Bxd6 27.
Bxf7+ Rxf7 28. Qe4 Kh8 29. Qe6 1-0

[Event "Russian Championship B13 1st league 2016"]
[Site "Loo"]
[Date "2016.04.22"]
[Round "3.42"]
[White "Dunaev, Denis"]
[Black "Krivich, Ilya"]
[Result "1-0"]
[WhiteElo "1628"]
[BlackElo "1442"]
[PlyCount "95"]
[EventDate "2016.04.20"]

1. d4 Nf6 2. Bg5 d6 3. Bxf6 exf6 4. g3 c6 5. Bg2 Na6 6. c3 Be7 7. e3 O-O 8. Ne2
Nc7 9. O-O Be6 10. Nf4 g5 11. Ne2 Qd7 12. Nd2 Bh3 13. Rc1 Bxg2 14. Kxg2 h5 15.
f4 Nd5 16. Kf2 Qe6 17. e4 Nb6 18. a3 d5 19. Qc2 Rae8 20. e5 fxe5 21. fxe5 f5
22. Kg2 Bd8 23. Rf2 Re7 24. Rcf1 Ref7 25. Kh1 Nd7 26. Nb3 Bb6 27. Rf3 c5 28.
Qd2 c4 29. Nbc1 g4 30. Rf4 Bc7 31. R4f2 Nb6 32. Nf4 Qh6 33. Ng2 Qxd2 34. Rxd2
Bd8 35. Ne2 Bg5 36. Nef4 Rh7 37. Re2 Re8 38. Ng6 Rf7 39. Ref2 Na4 40. N6h4 Ref8
41. Nxf5 Nxb2 42. e6 Rc7 43. Rxb2 b6 44. Re2 Kh8 45. Kg1 Be7 46. Nxe7 Rxf1+ 47.
Kxf1 Rxe7 48. Nh4 1-0

[Event "Russian Championship B13 1st league 2016"]
[Site "Loo"]
[Date "2016.04.22"]
[Round "3.43"]
[White "Yashin, Vladimir"]
[Black "Aralovetc, Mikhail"]
[Result "0-1"]
[WhiteElo "1454"]
[BlackElo "1625"]
[PlyCount "156"]
[EventDate "2016.04.20"]

1. e4 c5 2. Nf3 Qc7 3. d4 cxd4 4. Nxd4 a6 5. Nc3 e6 6. Be2 Nf6 7. a3 b5 8. Bd2
Bb7 9. Bd3 Nc6 10. Nxc6 Bxc6 11. O-O d5 12. exd5 Nxd5 13. Be4 Nf6 14. Bxc6+
Qxc6 15. Bg5 Be7 16. Qe2 O-O 17. Rad1 Rad8 18. Rfe1 Qc7 19. Qf3 h6 20. Bf4 Bd6
21. Bxd6 Rxd6 22. Rxd6 Qxd6 23. Rd1 Qc7 24. h3 Rd8 25. Rd3 Rxd3 26. Qxd3 Nd7
27. Qe3 Nb6 28. b3 Nd7 29. Qd3 Nc5 30. Qd4 Qc6 31. Kf1 Kh7 32. Kg1 f5 33. f3
Qc7 34. Kf2 Nd7 35. g3 e5 36. Qd3 g6 37. Kg2 Nf6 38. Qe3 g5 39. Qd3 Kg7 40. Kh2
Qc5 41. Kg2 Qc6 42. Qe3 Qc7 43. Kh2 Kg6 44. Qd3 h5 45. Kg2 Qc6 46. g4 hxg4 47.
hxg4 Nxg4 48. Nd5 Qxd5 49. Qxd5 Ne3+ 50. Kf2 Nxd5 51. c4 bxc4 52. bxc4 Nf4 53.
c5 Nd3+ 54. Ke3 Nxc5 55. Ke2 Kf6 56. Ke3 Ke6 57. Ke2 Kd5 58. Ke3 a5 59. Kf2 Kd4
60. Ke2 g4 61. fxg4 fxg4 62. Kf2 Ne4+ 63. Kg2 Kc3 64. Kh2 Kb3 65. Kg2 Kxa3 66.
Kh2 Kb3 67. Kg2 a4 68. Kh2 a3 69. Kg2 a2 70. Kh2 a1=Q 71. Kg2 Nf6 72. Kg3 e4
73. Kf4 Qf1+ 74. Kg5 g3 75. Kh6 g2 76. Kg6 g1=Q+ 77. Kh6 Ng4+ 78. Kh5 e3 0-1

[Event "Russian Championship B13 1st league 2016"]
[Site "Loo"]
[Date "2016.04.22"]
[Round "3.44"]
[White "Ivlev, Aleksandr"]
[Black "Senkevich, German"]
[Result "1-0"]
[WhiteElo "1625"]
[BlackElo "1433"]
[PlyCount "73"]
[EventDate "2016.04.20"]

1. Nf3 d5 2. d4 Nc6 3. Bf4 Bg4 4. e3 e6 5. Nbd2 Bd6 6. Bg3 Nge7 7. c3 f5 8. Be2
O-O 9. Ne5 Bxe2 10. Qxe2 Bxe5 11. dxe5 Ng6 12. f4 Nce7 13. h4 c5 14. h5 Nh8 15.
Nb3 Rc8 16. Bh4 Re8 17. g4 Qb6 18. Bxe7 Rxe7 19. gxf5 exf5 20. O-O-O Rd7 21.
Kb1 a5 22. Qg2 a4 23. Rxd5 Qc6 24. c4 axb3 25. Qd2 bxa2+ 26. Ka1 Rcd8 27. Rd1
Rxd5 28. cxd5 Qd7 29. Qc2 b6 30. e6 Qb5 31. d6 Qe8 32. Qxf5 g6 33. Qf6 Qa4 34.
Qxd8+ Kg7 35. h6+ Kxh6 36. Rh1+ Kg7 37. Qe7+ 1-0